| 000 | 03042nam a2200397 a 4500 | ||
|---|---|---|---|
| 001 | ebr10630493 | ||
| 003 | CaPaEBR | ||
| 006 | m u | ||
| 007 | cr cn||||||||| | ||
| 008 | 120221s2012 njua sb 001 0 eng d | ||
| 010 | _z 2012005831 | ||
| 020 | _z9781118027349 (hardback) | ||
| 020 | _z9781118222133 (e-book) | ||
| 040 |
_aCaPaEBR _cCaPaEBR |
||
| 035 | _a(OCoLC)777948600 | ||
| 050 | 1 | 4 |
_aHF5681.P3 _bM87 2012eb |
| 082 | 0 | 4 |
_a657/.4 _223 |
| 100 | 1 |
_aMurphy, William J. _q(William Joseph), _d1949- |
|
| 245 | 1 | 0 |
_aPatent valuation _h[electronic resource] : _bimproving decision making through analysis / _cWilliam J. Murphy, John L. Orcutt, Paul C. Remus. |
| 250 | _a1st ed. | ||
| 260 |
_aHoboken, N.J. : _bWiley, _c2012. |
||
| 300 |
_axiv, 379 p. : _bill. |
||
| 490 | 0 | _aWiley finance series | |
| 504 | _aIncludes bibliographical references and index. | ||
| 505 | 0 | _apt. 1. Foundations for patent valuation and decision making -- pt. 2. Patent valuation techniques -- pt. 3. Patent valuation in practice. | |
| 520 |
_a"A practical resource for valuing patents that is accessible to the complete spectrum of decision makers in the patent processIn today's economy, patents tend to be the most important of the intellectual property (IP) assets. It is often the ability to create, manage, defend, and extract value from patents that can distinguish competitive success and significant wealth creation from competitive failure and economic waste. Patent Valuation enhances the utility and value of patents by providing IP managers, IP creators, attorneys, and government officials with a useable resource that allows them to use actual or implied valuations when making patent-related decisions. Involves a combination of techniques for describing patent valuation Includes descriptions of various topics, illustrative cases, step-by-step valuation techniques, user-friendly procedures and checklists, and examples Serves as a useable resource that allows IP managers to use actual or implied valuations when making patent-related decisions One of the most fundamental premises of the book is that these valuation skills can be made accessible to each of the various decision makers in the patent process. Patent Valuation involves narrative descriptions of the various topics, illustrative cases, step-by-step valuation techniques, user-friendly procedures and checklists, and an abundance of examples to demonstrate the more complex concepts"-- _cProvided by publisher. |
||
| 533 |
_aElectronic reproduction. _bPalo Alto, Calif. : _cebrary, _d2011. _nAvailable via World Wide Web. _nAccess may be limited to ebrary affiliated libraries. |
||
| 650 | 0 |
_aValuation _vPatents. |
|
| 650 | 0 | _aDecision making. | |
| 650 | 0 |
_aPatents _xAccounting. |
|
| 655 | 7 |
_aElectronic books. _2local |
|
| 700 | 1 | _aOrcutt, John L. | |
| 700 | 1 |
_aRemus, Paul C., _d1945- |
|
| 710 | 2 | _aebrary, Inc. | |
| 856 | 4 | 0 |
_uhttp://site.ebrary.com/lib/rucke/Doc?id=10630493 _zAn electronic book accessible through the World Wide Web; click to view |
| 999 |
_c52762 _d52762 |
||